Loading...
| Science - Physics | 1 | 5 | 1 | 0 | 60 | 44 | 92.83 | 1 | 4 | 18.23 | 40.31 |
| Other Science (Math) | 0 | 4 | 0 | 1 | 40 | 113 | 135.75 | 1 | 2 | 3.77 | 40.07 |
| Literature - World | 0 | 2 | 0 | 1 | 20 | 132 | 147.00 | 0 | 0 | 1.55 | 5.64 |
| Fine Arts - Other Arts | 0 | 2 | 0 | 1 | 20 | 99 | 124.00 | 0 | 0 | 2.38 | 5.84 |
| Science - Chemistry | 0 | 2 | 1 | 0 | 15 | 121 | 130.50 | 0 | 0 | 0.85 | 7.44 |
| Fine Arts - Classical Music and Opera | 0 | 1 | 0 | 0 | 10 | 140 | 140.00 | 0 | 0 | 0.05 | 1.03 |
| Literature - European | 0 | 1 | 0 | 0 | 10 | 145 | 145.00 | 0 | 0 | 1.21 | 2.96 |
| Religion | 0 | 1 | 0 | 0 | 10 | 128 | 128.00 | 0 | 0 | 1.50 | 4.73 |
| Other Science (Mixed/Any) | 0 | 1 | 0 | 1 | 10 | 141 | 141.00 | 0 | 0 | 0.70 | 16.67 |
| Literature - American | 0 | 1 | 2 | 0 | 0 | 138 | 138.00 | 0 | 1 | 0.97 | 5.92 |
| History - Other | 0 | 0 | 0 | 0 | 0 | 0.00 | 0 | 0 | 0.00 | 0.00 |